000 00698nam a2200265Ia 4500
005 20260121171415.0
008 008 260114s9999 xx 000 0 eng d
020 _a9789811397691
037 _aEBOOK
040 _aCRL
040 _beng
040 _cCRL
041 _2eng
041 _aeng
084 _qCRL
100 _aSatyajit Majumdar, Edakkandi Meethal Reji
_91075851
245 0 _aMethodological Issues in Social Entrepreneurship Knowledge and Practice
260 _bSpringer
260 _bSpringer
260 _c2020
856 _uhttps://link.springer.com/openurl?genre=book&isbn=978-981-13-9769-1
942 _cEBOOK
999 _c1641581
_d1641581